| 000 | 00790nam a22002777a 4500 | ||
|---|---|---|---|
| 003 | CHAP | ||
| 005 | 20220329134345.0 | ||
| 008 | 971013s1979 us a r 00010 eng d | ||
| 010 | _a19273 | ||
| 011 | _a20245 | ||
| 035 | _a24333 | ||
| 040 | _cCHAP | ||
| 082 | 0 | 4 |
_a615.944 _bA5 |
| 110 | 2 |
_aAmerican Institute of Baking _95249 |
|
| 245 | 1 | _aBasic food plant sanitation manual | |
| 250 | _a3 ed. | ||
| 260 |
_aManhattan, Kansas, _c1979 |
||
| 300 |
_a255 p. _b: ilus |
||
| 590 |
_aBATCH-UPD _b10 _c20130110 _lUCH01 _h1148 |
||
| 590 |
_aCONVERSION _b10 _c20130109 _lUCH01 _h1312 |
||
| 650 | 1 | 4 |
_aAlimentos _xHigiene. _94224 |
| 650 | 1 | 4 |
_aAlimentos _xIndustria. _94227 |
| 901 | _aBK | ||
| 942 | _cLIBRO | ||
| 949 |
_a615.944 A5 _bBC _cMUT _d33724000012597 _eMUT _h56435 _i24333 _mDirecto _si _t383.00 |
||
| 999 |
_c19273 _d19273 |
||